Turbine Parts Quiz Stats

 Plays Quiz not verified by Sporcle

Support Sporcle.
Go Orange.
Score 0/11 Timer 04:00
0 Plays Today
% Correct
???
55.5%
???
44.5%
???
41.1%
???
34.9%
???
33.6%
???
32.2%
???
31.5%
???
30.1%
???
28.1%
???
28.1%
???
26.7%

You're not logged in!

Compare scores with friends on all Sporcle quizzes.
OR
Log In

From the Vault

Indiana Jones' Archaeology Exam

by bhenderson79

This quiz is not booby-trapped. We promise.
Remove Ads.
Support Sporcle.
Get the best of Sporcle when you Go Orange. This ad-free experience offers more features, more stats, and more fun while also helping to support Sporcle. Thank you for becoming a member.

Show Comments

Extras

Top Quizzes Today


Score Distribution

Your Account Isn't Verified!

In order to create a playlist on Sporcle, you need to verify the email address you used during registration. Go to your Sporcle Settings to finish the process.

Report this User

Report this user for behavior that violates our Community Guidelines.

Details: